000 00627nam a2200193Ia 4500
008 090123s9999 xx 000 0 und d
082 _b42269
100 _aहोशी शिनिची
245 _aबोक्कोचान आणि इतर कथा
250 _a1
260 _c2007
300 _a130
600 _aहोशी शिनिची
630 _aबोक्कोचान आणि इतर कथा
700 _aबेडेकर निसिम
700 _aहोशी शिनिची
730 _aबोक्कोचान आणि इतर कथा
942 _cBOOK
999 _c80347
_d80347